| 000 | 00389nam a2200145Ia 4500 | ||
|---|---|---|---|
| 008 | 150201s2004 xx 000 0 und d | ||
| 082 |
_a617.63 _bC2004D |
||
| 100 | _aSATISH CHANDERA | ||
| 245 | _aTEX TBOOK OF COMMUNITY DENTISTRY | ||
| 250 | _a1ST | ||
| 260 |
_bJAYPEE MEDICAL PUBLISHER _aDELHI _c2004 |
||
| 300 | _a1-596 | ||
| 650 | _aPREVENTIVE AND COMMUNITY DENTISTRY | ||
| 942 |
_2ddc _cBK |
||
| 999 |
_c3826 _d3826 |
||